The Scar That Binds (Record no. 351565)
[ view plain ]
| 000 -LEADER | |
|---|---|
| fixed length control field | 00511nam a2200121Ia 4500 |
| 008 - FIXED-LENGTH DATA ELEMENTS--GENERAL INFORMATION | |
| fixed length control field | 171212s9999 xx 000 0 und d |
| 100 ## - MAIN ENTRY--PERSONAL NAME | |
| Personal name | Beattie, Keith |
| 245 ## - TITLE STATEMENT | |
| Statement of responsibility, etc | Beattie, Keith |
| Title | The Scar That Binds |
| Remainder of title | American Culture and the Vietnam War |
| 260 ## - PUBLICATION, DISTRIBUTION, ETC. (IMPRINT) | |
| Name of publisher, distributor, etc | New York University Press |
| Date of publication, distribution, etc | 1998 |
| 650 ## - SUBJECT ADDED ENTRY--TOPICAL TERM | |
| Topical term or geographic name as entry element | History |
| 650 ## - SUBJECT ADDED ENTRY--TOPICAL TERM | |
| Topical term or geographic name as entry element | Vietnamese Conflict, 1961–1975 -- United States; Vietnamese Conflict, 1961–1975 -- Influence; United States-Civilization -- 1945– |
| 856 ## - ELECTRONIC LOCATION AND ACCESS | |
| Uniform Resource Identifier | <a href="http://www.jstor.org/stable/j.ctt9qfbwd">http://www.jstor.org/stable/j.ctt9qfbwd</a> |
| Withdrawn status | Lost status | Damaged status | Home library | Current library | Date acquired | Total Checkouts | Full call number | Date last seen | Price effective from | Koha item type |
|---|---|---|---|---|---|---|---|---|---|---|
| College Library | College Library | 12/12/2017 | DS 558 .B4 1998 | 12/12/2017 | 12/12/2017 | Curriculum - Based eBooks |